[Event "34th Asia-ch U20"]
[Site "Tashkent UZB"]
[Date "2012.06.02"]
[Round "4.3"]
[White "Vakhidov, Jahongir"]
[Black "Begmuratov, Alisher"]
[Result "1-0"]
[WhiteElo "2439"]
[BlackElo "2249"]
[EventDate "2012.05.30"]
[PlyCount "77"]

1.d4 Nf6 2.c4 e6 3.Nc3 Bb4 4.a3 Bxc3+ 5.bxc3 b6 6.f3 d6 7.e4 O-O 8.Bg5 e5 
9.Bd3 Nbd7 10.Ne2 h6 11.Bh4 Re8 12.O-O g5 13.Bf2 Nf8 14.Ng3 Ng6 15.Re1 Nf4
16.Bf1 c5 17.Nf5 Bxf5 18.exf5 Qd7 19.Qc2 exd4 20.cxd4 Rxe1 21.Rxe1 Re8 22.
Rd1 Qe7 23.dxc5 dxc5 24.Qa4 Qc7 25.Qc2 g4 26.Bh4 N4h5 27.Qb2 Qe5 28.Qxe5 
Rxe5 29.fxg4 Nxg4 30.h3 Ne3 31.Re1 f6 32.g4 Nxf1 33.Kxf1 Nf4 34.Bxf6 Rxe1+
35.Kxe1 Kf7 36.Bc3 Nxh3 37.Bd2 a6 38.a4 Kf6 39.Bxh6 1-0

[Event "34th Asia-ch U20"]
[Site "Tashkent UZB"]
[Date "2012.06.02"]
[Round "4.4"]
[White "Aravindh, Chithambaram VR"]
[Black "Karayev, Assylkhan"]
[Result "1-0"]
[WhiteElo "2228"]
[BlackElo "2276"]
[EventDate "2012.05.30"]
[PlyCount "95"]

1.e4 e6 2.d4 b6 3.Nf3 Bb7 4.Bd3 d5 5.e5 c5 6.c3 Qd7 7.Qe2 a5 8.h4 Ba6 9.
Nbd2 Bxd3 10.Qxd3 Nc6 11.a3 Nge7 12.h5 h6 13.b3 Qb7 14.g4 cxd4 15.cxd4 Qa6
16.Qe3 Na7 17.Bb2 Rc8 18.Rc1 Rxc1+ 19.Bxc1 Nec6 20.Bb2 Qb5 21.Ng1 a4 22.b4
Na5 23.Ne2 Nc4 24.Nxc4 Qxc4 25.Kd2 Qc7 26.Rc1 Qd7 27.Qc3 Be7 28.f4 Kd8 29.
Qd3 b5 30.Nc3 Qb7 31.Rf1 Qc6 32.f5 Qc4 33.Qxc4 dxc4 34.Ke3 Bg5+ 35.Ke4 Ke7
36.d5 Rb8 37.d6+ Kd7 38.fxe6+ Kxe6 39.Nd5 Bd8 40.g5 c3 41.Bxc3 Rc8 42.Bd4 
Rc4 43.gxh6 f5+ 44.Rxf5 Nc6 45.Nf4+ Kd7 46.hxg7 Nxd4 47.g8=Q Ne6+ 48.Kf3 
1-0

[Event "34th Asia-ch U20"]
[Site "Tashkent UZB"]
[Date "2012.06.02"]
[Round "4.6"]
[White "Yakubboev, Nodirbek"]
[Black "Saeed, Ishaq"]
[Result "1/2-1/2"]
[WhiteElo "1909"]
[BlackElo "2240"]
[EventDate "2012.05.30"]
[PlyCount "174"]

1.e4 c6 2.d4 d5 3.Nc3 dxe4 4.Nxe4 Bf5 5.Ng3 Bg6 6.h4 h6 7.Nf3 e6 8.Ne5 Bh7
9.Bc4 Nf6 10.Qe2 Nd5 11.c3 Nd7 12.Bd3 Bxd3 13.Nxd3 Be7 14.h5 Qc7 15.Bd2 
O-O-O 16.O-O Rhe8 17.c4 N5f6 18.Bc3 c5 19.dxc5 Nxc5 20.Nxc5 Qxc5 21.Rfe1 
Qg5 22.Qe3 Qxe3 23.Rxe3 Bc5 24.Re2 Bd4 25.Bb4 Rd7 26.Rae1 b6 27.b3 Red8 
28.Rc1 Kb7 29.Be1 a5 30.Rb1 Kc6 31.b4 axb4 32.Bxb4 Ra8 33.a3 Rad8 34.Rc1 
Kb7 35.Rb1 Rc8 36.Rc2 Rdc7 37.Ne2 Bc5 38.Bxc5 Rxc5 39.Rcb2 Nd7 40.Rd2 R8c7
41.Nc3 Rxc4 42.Nb5 Rc1+ 43.Rxc1 Rxc1+ 44.Kh2 Ne5 45.Nd6+ Kc6 46.Ne8 Rc3 
47.f3 g6 48.hxg6 Nxg6 49.a4 Ne5 50.Kg3 Rc4 51.Ra2 Rc5 52.Nf6 Nc4 53.Ne4 
Ra5 54.Kh4 Kd5 55.Kh5 Kd4+ 56.Kxh6 b5 57.Kg7 Ra7 58.Kf6 bxa4 59.Ng5 a3 60.
Nxf7 e5 61.g4 Ra6+ 62.Kf5 Ne3+ 63.Kg5 Nc4 64.Kh5 Rf6 65.Nh6 Rxf3 66.g5 Nd6
67.Kg4 e4 68.g6 Ne8 69.Kg5 Kc4 70.Nf5 Kb3 71.Ra1 Kb2 72.Re1 a2 73.Re2+ Ka3
74.Nd4 e3 75.Rxa2+ Kxa2 76.Nxf3 e2 77.Kf4 Kb3 78.Nd4+ Kc4 79.Nxe2 Kd5 80.
Kf5 Kd6 81.Nf4 Ke7 82.Kg5 Kf8 83.Kh6 Kg8 84.Nd5 Kh8 85.Ne7 Ng7 86.Kg5 Ne8 
87.Kh6 Ng7 1/2-1/2

[Event "34th Asia-ch U20"]
[Site "Tashkent UZB"]
[Date "2012.06.02"]
[Round "4.11"]
[White "Saiyn, Zhanat"]
[Black "Igonin,, Temur"]
[Result "1-0"]
[WhiteElo "2180"]
[BlackElo "1917"]
[EventDate "2012.05.30"]
[PlyCount "95"]

1.d4 d5 2.Nf3 Nf6 3.e3 c5 4.Nbd2 Nc6 5.b3 Bg4 6.Bb2 cxd4 7.exd4 e6 8.Bd3 
Bd6 9.a3 O-O 10.h3 Bh5 11.g4 Bg6 12.Bxg6 fxg6 13.Qe2 Qe7 14.O-O Rae8 15.
Rfe1 Bb8 16.c4 Qc7 17.Qd3 Re7 18.Re2 Ref7 19.Ne5 Nxe5 20.dxe5 dxc4 21.Qxc4
Nd5 22.Qxc7 Bxc7 23.Ne4 Nf4 24.Rd2 Nxh3+ 25.Kg2 Nf4+ 26.Kg3 h6 27.Nc5 b6 
28.Na6 Nd5 29.Rc1 Bd8 30.Rc6 Bg5 31.Rdc2 Rf3+ 32.Kg2 Rxb3 33.Nc7 Nxc7 34.
Rxc7 a5 35.Rb7 h5 36.Bd4 Bd8 37.Rc8 Rxa3 38.Rd7 Bg5 39.Rcc7 Rf4 40.Rxg7+ 
Kf8 41.Rgd7 Kg8 42.gxh5 gxh5 43.Be3 Rf5 44.Rg7+ Kf8 45.Bxg5 Raf3 46.Be3 
Rf7 47.Rgxf7+ Rxf7 48.Rc8+ 1-0

[Event "34th Asia-ch U20"]
[Site "Tashkent UZB"]
[Date "2012.06.03"]
[Round "5.1"]
[White "Kozganbay, Erkin"]
[Black "Khoroshev, Nikita"]
[Result "0-1"]
[WhiteElo "2317"]
[BlackElo "2319"]
[EventDate "2012.05.30"]
[PlyCount "80"]

1.c4 Nf6 2.Nc3 e6 3.e4 d5 4.e5 Nfd7 5.cxd5 Nxe5 6.d4 Ng6 7.dxe6 Bxe6 8.g3 
c6 9.Bg2 Nd7 10.d5 cxd5 11.Nxd5 Nb6 12.Nxb6 Bb4+ 13.Bd2 Bxd2+ 14.Qxd2 Qxb6
15.Ne2 O-O 16.Qd4 Qa6 17.Nc3 Rad8 18.Qa4 Qxa4 19.Nxa4 Bc4 20.f4 Rfe8+ 21.
Kf2 Rd2+ 22.Kg1 b5 23.b3 Bd5 24.Bxd5 Rxd5 25.Nc3 Rc5 26.Nd1 Rc2 27.Kf1 Nf8
28.Rg1 Ree2 29.Rc1 Rxa2 30.Nc3 Rf2+ 31.Ke1 Rab2 32.Nxb5 a5 33.Nd4 Rxh2 34.
Nc6 h5 35.Nxa5 Ne6 36.Rc8+ Kh7 37.Kd1 Ra2 38.b4 Nd4 39.Re1 Nf3 40.Rf1 Ra1+
0-1

[Event "34th Asia-ch U20"]
[Site "Tashkent UZB"]
[Date "2012.06.03"]
[Round "5.3"]
[White "Ismailov, Mukhit"]
[Black "Ankit, R. Rajpara"]
[Result "1/2-1/2"]
[WhiteElo "2221"]
[BlackElo "2412"]
[EventDate "2012.05.30"]
[PlyCount "68"]

1.d4 d5 2.c4 c6 3.Nf3 Nf6 4.e3 Bf5 5.Nc3 e6 6.Nh4 Be4 7.f3 Bg6 8.Qb3 Qc7 
9.Bd2 Be7 10.Nxg6 hxg6 11.O-O-O a6 12.Kb1 dxc4 13.Bxc4 b5 14.Bd3 Nbd7 15.
Ne4 Rxh2 16.Ba5 Qb8 17.Qc2 Rxh1 18.Rxh1 Qb7 19.Rh8+ Nf8 20.Nc5 Qa7 21.g4 
Bxc5 22.dxc5 Nd5 23.Be4 Qd7 24.a3 f5 25.Bxd5 exd5 26.Qh2 Kf7 27.Ka2 Re8 
28.gxf5 gxf5 29.Qh5+ g6 30.Qh6 d4 31.exd4 Qxd4 32.Bc3 Qc4+ 33.Ka1 Qf1+ 34.
Ka2 Qc4+ 1/2-1/2

[Event "34th Asia-ch U20"]
[Site "Tashkent UZB"]
[Date "2012.06.03"]
[Round "5.4"]
[White "Swayams, Mishra"]
[Black "Vakhidov, Jahongir"]
[Result "1-0"]
[WhiteElo "2420"]
[BlackElo "2439"]
[EventDate "2012.05.30"]
[PlyCount "84"]

1.d4 Nf6 2.c4 g6 3.Nc3 d5 4.Bf4 Bg7 5.e3 O-O 6.Nf3 c5 7.dxc5 Ne4 8.Be5 
Bxe5 9.Nxe5 Nxc3 10.bxc3 Qa5 11.Rc1 dxc4 12.Qd4 Na6 13.Bxc4 Nxc5 14.h4 Qa3
15.O-O Be6 16.h5 Rad8 17.Qh4 Bxc4 18.hxg6 hxg6 19.Qxc4 Kg7 20.Rfd1 Qa4 21.
Qxa4 Nxa4 22.Nd7 Rh8 23.Rd4 Rh5 24.Nf6 Rhh8 25.Rxa4 Kxf6 26.Rxa7 Rh5 27.
Rb1 b5 28.g4 Rg5 29.Rb4 Rc8 30.Rf4+ Ke6 31.Re4+ Kd6 32.Rexe7 Rxg4+ 33.Kf1 
Rxc3 34.Rxf7 Ke6 35.Rfb7 Rc1+ 36.Ke2 Rb1 37.Ra5 Rgb4 38.Rb6+ Kf5 39.a4 Kg4
40.Rxg6+ Kh3 41.Rxb5 Rxb5 42.axb5 Rxb5 1-0

[Event "34th Asia-ch U20"]
[Site "Tashkent UZB"]
[Date "2012.06.03"]
[Round "5.5"]
[White "Saeed, Ishaq"]
[Black "Akhmetov, Ayan"]
[Result "0-1"]
[WhiteElo "2240"]
[BlackElo "2264"]
[EventDate "2012.05.30"]
[PlyCount "132"]

1.d4 Nf6 2.Nf3 c5 3.d5 e6 4.Nc3 d6 5.e4 e5 6.Be2 g6 7.Nd2 Bg7 8.Nc4 O-O 9.
Bg5 h6 10.Be3 b5 11.Nxb5 Nxe4 12.f3 a6 13.Nba3 Nf6 14.Qd2 Kh7 15.Nb1 Ne8 
16.Nc3 Nd7 17.a4 Nb6 18.Na5 Bd7 19.O-O f5 20.Rfb1 Nc8 21.Nc4 Rb8 22.a5 Nc7
23.b4 cxb4 24.Na2 f4 25.Bf2 e4 26.fxe4 Bxa1 27.Rxa1 b3 28.cxb3 Rxb3 29.Qc2
Rb8 30.Nc3 Nb5 31.Rd1 Qg5 32.h4 Qf6 33.Nxb5 Bxb5 34.Bg4 Rb7 35.Nb6 Na7 36.
h5 Be8 37.Be2 Nb5 38.Qc8 Rc7 39.Qxa6 Qb2 40.hxg6+ Kxg6 41.Re1 Rc2 42.Nc4 
Qb4 43.Ne5+ Kg7 44.Qb7+ Rc7 45.Qb6 dxe5 46.Bxb5 Rc2 47.Bxe8 Qxb6 48.axb6 
Rxe8 49.Rb1 Rb8 50.d6 Rb7 51.Rd1 Rd7 52.Rb1 Rc8 53.Rb5 Kf6 54.Bc5 Ke6 55.
Kf2 Rb7 56.Ba3 Rc2+ 57.Kf1 Rc4 58.d7 Kxd7 59.Rd5+ Kc6 60.Rxe5 Rxb6 61.Re6+
Kb7 62.Re7+ Ka6 63.Kg1 Rc2 64.Rg7 f3 65.Bc5 Rxc5 66.gxf3 Rb2 0-1

[Event "34th Asia-ch U20"]
[Site "Tashkent UZB"]
[Date "2012.06.03"]
[Round "5.6"]
[White "Begmuratov, Alisher"]
[Black "Yakubboev, Nodirbek"]
[Result "1-0"]
[WhiteElo "2249"]
[BlackElo "1909"]
[EventDate "2012.05.30"]
[PlyCount "149"]

1.e4 c6 2.Nf3 d5 3.Nc3 Bg4 4.h3 Bxf3 5.Qxf3 e6 6.g3 dxe4 7.Nxe4 Nd7 8.d4 
Ngf6 9.Bg2 Nxe4 10.Qxe4 Nf6 11.Qd3 Bd6 12.O-O O-O 13.c4 Rc8 14.Be3 Qe7 15.
Rad1 Rfd8 16.Qb3 Bb8 17.Rd2 Rd7 18.Rfd1 Rcd8 19.Bf3 h6 20.Rd3 Qe8 21.Qc2 
Kh8 22.b3 Kg8 23.Bc1 e5 24.dxe5 Bxe5 25.Be3 Bb8 26.Kg2 Rxd3 27.Rxd3 Rxd3 
28.Qxd3 Qd7 29.Qxd7 Nxd7 30.Bg4 Nf6 31.Bf5 b6 32.Bd4 c5 33.Bc3 Kf8 34.Bxf6
gxf6 35.Kf3 Bc7 36.Ke4 Ke7 37.Kd5 Be5 38.Kc6 Bc3 39.f3 Be1 40.g4 Bd2 41.h4
Be1 42.h5 Bd2 43.Kb7 Kd6 44.Kxa7 Kc7 45.Ka6 Bc3 46.Kb5 Bb2 47.Be4 Bc3 48.
Bd5 Bd2 49.Bxf7 Bc3 50.Bd5 Bd2 51.Be4 Bc3 52.a3 Bb2 53.Ka4 Bc3 54.b4 cxb4 
55.axb4 Bd4 56.Kb5 Be3 57.c5 bxc5 58.bxc5 Bf2 59.Kc4 Kd7 60.Kd5 Bg3 61.
Bf5+ Ke7 62.Ke4 Bf2 63.c6 Bg3 64.Bd7 Kd6 65.Kf5 Bh4 66.f4 Bg3 67.g5 fxg5 
68.fxg5 hxg5 69.h6 Be5 70.Kxg5 Bc3 71.Kg6 Ke7 72.Kh7 Bd2 73.Kg7 Bc3+ 74.
Kg8 Kd8 75.h7 1-0

[Event "34th Asia-ch U20"]
[Site "Tashkent UZB"]
[Date "2012.06.03"]
[Round "5.8"]
[White "Karayev, Assylkhan"]
[Black "Saiyn, Zhanat"]
[Result "0-1"]
[WhiteElo "2276"]
[BlackElo "2180"]
[EventDate "2012.05.30"]
[PlyCount "82"]

1.e4 c5 2.Nf3 e6 3.d3 Nc6 4.g3 g6 5.Bg2 Bg7 6.O-O Nge7 7.Re1 O-O 8.e5 d6 
9.exd6 Qxd6 10.Nc3 b6 11.Bf4 Qd8 12.Ne5 Bb7 13.Qc1 Qe8 14.Nc4 Nf5 15.Nb5 
Qd7 16.a4 Ncd4 17.Nxd4 Nxd4 18.Qd1 Bxg2 19.Kxg2 g5 20.Be3 Qd5+ 21.f3 Nc6 
22.Qe2 Rab8 23.Bf2 a6 24.c3 Rfd8 25.Rad1 b5 26.Ne3 Qd6 27.axb5 axb5 28.Rd2
b4 29.Nc4 Qd5 30.Rc1 bxc3 31.bxc3 Rb3 32.Ne3 Qd7 33.Nd1 Ne5 34.d4 g4 35.
fxg4 Qd5+ 36.Kh3 Nf3 37.Ne3 Qe4 38.Ng2 Ng5+ 39.Kh4 Qxg2 40.Kxg5 Rd5+ 41.
Kf4 Bh6+ 0-1

[Event "34th Asia-ch U20"]
[Site "Tashkent UZB"]
[Date "2012.06.03"]
[Round "5.10"]
[White "Saydaliev, Saidakbar"]
[Black "Guseynov, Alihan"]
[Result "1/2-1/2"]
[WhiteElo "1867"]
[BlackElo "2134"]
[EventDate "2012.05.30"]
[PlyCount "118"]

1.Nf3 d6 2.g3 g6 3.Bg2 Bg7 4.d4 f5 5.O-O Nf6 6.b3 O-O 7.c4 Qe8 8.Bb2 Na6 
9.Nc3 c6 10.a3 h6 11.b4 Nc7 12.a4 Qf7 13.Nd2 e5 14.dxe5 dxe5 15.b5 e4 16.
a5 Be6 17.Qa4 c5 18.Qb3 Ng4 19.Na4 Rad8 20.Bxg7 Qxg7 21.Rad1 Qe5 22.h3 Nf6
23.Qe3 Qd4 24.Qxh6 Rd7 25.Qxg6+ Rg7 26.Qh6 Rh7 27.Qf4 Nh5 28.Qg5+ Qg7 29.
Qxg7+ Rxg7 30.Nxc5 e3 31.Nxe6 Nxe6 32.Bd5 Nf4 33.Bxe6+ Nxe6 34.Nf3 exf2+ 
35.Kh2 Nc5 36.Rxf2 Ne4 37.Rg2 Rc8 38.Rd4 Rgc7 39.g4 Rxc4 40.gxf5+ Kf8 41.
Rd7 R8c7 42.Rxc7 Rxc7 43.Ng5 Nxg5 44.Rxg5 Re7 45.h4 Rxe2+ 46.Kg3 Kf7 47.
Rg6 Re5 48.Kf4 Rxb5 49.h5 Rxa5 50.h6 Ra1 51.Rg7+ Kf6 52.Rg6+ Kf7 53.Rg7+ 
Kf6 54.Rxb7 Ra4+ 55.Kg3 Kg5 56.h7 Rg4+ 57.Kf3 Rh4 58.Kg3 Rg4+ 59.Kf3 Rh4 
1/2-1/2

[Event "34th Asia-ch U20"]
[Site "Tashkent UZB"]
[Date "2012.06.03"]
[Round "5.11"]
[White "Sapaev, Maksad"]
[Black "Aripov, Iskandar"]
[Result "1/2-1/2"]
[WhiteElo "2147"]
[BlackElo "2188"]
[EventDate "2012.05.30"]
[PlyCount "135"]

1.e4 c5 2.c3 g6 3.d4 cxd4 4.cxd4 d5 5.e5 Bg7 6.Nc3 Nc6 7.Nf3 f6 8.Bf4 Be6 
9.Bb5 Nh6 10.exf6 exf6 11.O-O O-O 12.Na4 g5 13.Nc5 Bg4 14.Be3 Ne7 15.h3 
Bc8 16.Qb3 Nhf5 17.Rfe1 b6 18.Na6 Bb7 19.a4 Nc6 20.Rac1 Na5 21.Qd3 Nxe3 
22.Qxe3 Rf7 23.Qe6 Kf8 24.Qf5 Bc8 25.Qxd5 Bb7 26.Qf5 Qd6 27.Qd3 Bd5 28.Rc3
Rd8 29.b4 Nc6 30.Bxc6 Bxc6 31.b5 Bxf3 32.Qxf3 Qxd4 33.Nc7 Kg8 34.Ne6 Qd2 
35.Rec1 Re8 36.Rc8 Re7 37.Qb3 Kh8 38.Nxg7 Kxg7 39.R8c7 Qd6 40.Rxe7+ Rxe7 
41.Qc4 Qd2 42.g3 Qd7 43.Qg4 Qxg4 44.hxg4 Kg6 45.Rc4 h5 46.gxh5+ Kxh5 47.
g4+ Kh4 48.Kg2 Re1 49.Rc7 Kxg4 50.Rxa7 Ra1 51.Ra6 f5 52.Rxb6 Rxa4 53.Rb8 
Rb4 54.b6 Rb2 55.b7 Kf4 56.Kg1 g4 57.Rc8 Rxb7 58.Rc4+ Kg5 59.Kg2 Rb2 60.
Rc8 Rb6 61.Ra8 Rf6 62.Ra4 Rc6 63.Ra8 Rc4 64.Rb8 Kf4 65.Re8 Rc3 66.Rg8 Rc2 
67.Ra8 Rb2 68.Ra4+ 1/2-1/2

[Event "34th Asia-ch U20"]
[Site "Tashkent UZB"]
[Date "2012.06.04"]
[Round "6.1"]
[White "Kozganbay, Erkin"]
[Black "Narayanan, Srinath"]
[Result "0-1"]
[WhiteElo "2317"]
[BlackElo "2383"]
[EventDate "2012.05.30"]
[PlyCount "104"]

1.c4 c5 2.g3 Nc6 3.Nc3 g6 4.Bg2 Bg7 5.Nf3 d6 6.O-O e5 7.Ne1 Be6 8.d3 Nge7 
9.Bg5 f6 10.Bd2 O-O 11.Nc2 d5 12.cxd5 Nxd5 13.Ne3 Nde7 14.a3 a5 15.Nc4 Rb8
16.Nb5 b6 17.f4 Nd4 18.a4 Nxb5 19.axb5 e4 20.Qc2 exd3 21.Qxd3 Qxd3 22.exd3
Nf5 23.Bc3 Bd7 24.Na3 Nd6 25.Bd5+ Kh8 26.Bc4 Rfe8 27.Rfe1 g5 28.Rxe8+ Rxe8
29.Rf1 h6 30.Rf2 f5 31.Kf1 Bxc3 32.bxc3 Nxc4 33.Nxc4 Bxb5 34.fxg5 hxg5 35.
Rxf5 Bxc4 36.dxc4 Re4 37.Rxg5 Rxc4 38.Rg6 b5 39.Ra6 Rxc3 40.Rxa5 b4 41.Ke1
b3 42.Rb5 c4 43.Rb4 Rc2 44.Kd1 Rxh2 45.Kc1 Rc2+ 46.Kb1 Kg7 47.Rb6 Kf7 48.
Rb5 Ke6 49.g4 Kd6 50.g5 Rg2 51.g6 Kc6 52.Rb8 Kc5 0-1

[Event "34th Asia-ch U20"]
[Site "Tashkent UZB"]
[Date "2012.06.04"]
[Round "6.3"]
[White "Ankit, R. Rajpara"]
[Black "Swayams, Mishra"]
[Result "1-0"]
[WhiteElo "2412"]
[BlackElo "2420"]
[EventDate "2012.05.30"]
[PlyCount "57"]

1.e4 e5 2.Nf3 Nc6 3.Bc4 Nf6 4.Ng5 d5 5.exd5 Na5 6.Bb5+ c6 7.dxc6 bxc6 8.
Bd3 Nd5 9.Nf3 Bd6 10.O-O O-O 11.Re1 Re8 12.Nc3 f5 13.Nxd5 cxd5 14.Bb5 Bd7 
15.Bxd7 Qxd7 16.d3 h6 17.b3 Qc7 18.Bb2 Rad8 19.Nh4 Qf7 20.Qf3 Rf8 21.Re2 
Kh7 22.Bxe5 Bxe5 23.Rxe5 Qf6 24.Qxf5+ Qxf5 25.Rxf5 Rfe8 26.Rf7 Re2 27.Rc7 
Rde8 28.Nf3 R8e6 29.Kf1 1-0

[Event "34th Asia-ch U20"]
[Site "Tashkent UZB"]
[Date "2012.06.04"]
[Round "6.4"]
[White "Akhmetov, Ayan"]
[Black "Ismailov, Mukhit"]
[Result "1-0"]
[WhiteElo "2264"]
[BlackElo "2221"]
[EventDate "2012.05.30"]
[PlyCount "101"]

1.e4 c5 2.Nf3 e6 3.d4 cxd4 4.Nxd4 a6 5.c4 Nf6 6.Nc3 Qc7 7.a3 Nxe4 8.Nxe4 
Qe5 9.Be3 Qxe4 10.Nf3 Qc6 11.Bd3 Qc7 12.O-O d6 13.b4 b6 14.a4 Bb7 15.a5 
bxa5 16.Rxa5 Be7 17.Qe2 Nc6 18.Ra4 O-O 19.Rc1 Qd7 20.Rca1 d5 21.c5 Bf6 22.
Ng5 g6 23.Bd2 Ne5 24.Bxa6 Bxa6 25.Rxa6 Nf3+ 26.Nxf3 Bxa1 27.Rd6 Qc7 28.g3 
Ra2 29.Qd3 Rfa8 30.Qb5 Rb8 31.Qd3 Rba8 32.Qb5 Rb8 33.Qd3 Bg7 34.h4 Bf8 35.
Ra6 Rxa6 36.Qxa6 e5 37.Qa2 Rd8 38.h5 d4 39.Qc4 Rc8 40.Qd5 Bg7 41.h6 Bf6 
42.Ng5 Rd8 43.Qc4 Ra8 44.b5 Bd8 45.b6 Qe7 46.Qd5 Rb8 47.Kg2 Bxb6 48.cxb6 
Rxb6 49.Ne4 Rb8 50.Bg5 Qb7 51.Qxe5 1-0

[Event "34th Asia-ch U20"]
[Site "Tashkent UZB"]
[Date "2012.06.04"]
[Round "6.5"]
[White "Vakhidov, Jahongir"]
[Black "Alikulov, Elbek"]
[Result "1-0"]
[WhiteElo "2439"]
[BlackElo "2249"]
[EventDate "2012.05.30"]
[PlyCount "177"]

1.d4 Nf6 2.c4 g6 3.g3 Bg7 4.Bg2 O-O 5.Nc3 d6 6.Nf3 Nbd7 7.O-O e5 8.e4 exd4
9.Nxd4 Re8 10.h3 a6 11.Re1 Rb8 12.Kh2 Ne5 13.Bf1 c6 14.f4 Ned7 15.Bg2 Qc7 
16.Be3 c5 17.Nb3 b5 18.Qc2 b4 19.Nd5 Nxd5 20.cxd5 Bb7 21.Nd2 Nb6 22.Rad1 
Rbc8 23.b3 Bc3 24.Bf2 Qd8 25.Rf1 a5 26.e5 dxe5 27.Ne4 Bd4 28.fxe5 Bxe5 29.
Nxc5 Nd7 30.Rc1 Nxc5 31.Bxc5 Ba6 32.Rfe1 Qg5 33.Qf2 Bxg3+ 34.Qxg3 Qxg3+ 
35.Kxg3 Rxe1 36.Rxe1 Rxc5 37.Kf4 Rc2 38.Re8+ Kg7 39.Be4 Rd2 40.Ra8 Bf1 41.
Rxa5 Bxh3 42.Ke3 Rd1 43.Ra4 Kf6 44.Rxb4 Ke5 45.Bf3 Re1+ 46.Kf2 Rf1+ 47.Kg3
Bf5 48.Rb7 Rg1+ 49.Kf2 Ra1 50.a4 Ra3 51.Rxf7 Rxb3 52.Rxh7 Ra3 53.Rh4 Bc2 
54.Rc4 Bxa4 55.Re4+ Kf5 56.Re7 Ra2+ 57.Ke3 Ra3+ 58.Kf2 Ra2+ 59.Kg3 Ra3 60.
Ra7 Ke5 61.Kg4 Ra1 62.Re7+ Kf6 63.Re6+ Kf7 64.Rb6 Rg1+ 65.Kf4 Rf1 66.Ke3 
Bc2 67.Be2 Rb1 68.Rc6 Bf5 69.Kd4 Ke7 70.Bc4 Rc1 71.Ra6 Rd1+ 72.Kc5 Rc1 73.
Ra5 g5 74.Kd4 Bd7 75.Ra7 Rd1+ 76.Kc5 Rc1 77.d6+ Kd8 78.Ra8+ Bc8 79.Kd5 g4 
80.Be2 g3 81.Bg4 g2 82.d7 Ke7 83.Rxc8 Rxc8 84.dxc8=Q g1=Q 85.Qe6+ Kf8 86.
Qh6+ Ke8 87.Qh8+ Ke7 88.Qg7+ Ke8 89.Bh5+ 1-0

[Event "34th Asia-ch U20"]
[Site "Tashkent UZB"]
[Date "2012.06.04"]
[Round "6.9"]
[White "Jumanov, Elbek"]
[Black "Karayev, Assylkhan"]
[Result "1/2-1/2"]
[WhiteElo "1941"]
[BlackElo "2276"]
[EventDate "2012.05.30"]
[PlyCount "97"]

1.Nf3 d6 2.g3 e5 3.d3 Be7 4.c4 c6 5.Nc3 h5 6.h4 Qc7 7.Bg2 Nh6 8.Rb1 a5 9.
a3 Ng4 10.b4 axb4 11.axb4 O-O 12.e3 Nd7 13.Qb3 Kh8 14.Bd2 Ndf6 15.b5 Bf5 
16.e4 Be6 17.bxc6 bxc6 18.Qb7 Qxb7 19.Rxb7 Nd7 20.Ke2 Bd8 21.Rhb1 f6 22.
Ne1 Ba5 23.Bh3 Nc5 24.R7b2 Bg8 25.f3 Nh6 26.Nc2 Bxc3 27.Bxc3 Na4 28.Rb3 
Nxc3+ 29.Rxc3 Ra2 30.Rb6 d5 31.cxd5 cxd5 32.Kd2 f5 33.exf5 Nxf5 34.Bxf5 
Rxf5 35.Ke2 d4 36.Rc5 Bd5 37.Ke1 Rxf3 38.Rxd5 Rxc2 39.Rxe5 Rxg3 40.Rb8+ 
Kh7 41.Rxh5+ Kg6 42.Rg5+ Rxg5 43.hxg5 Kxg5 44.Rd8 Kf4 45.Rxd4+ Ke3 46.Re4+
Kxd3 47.Rg4 Rc7 48.Kf2 Rf7+ 49.Kg3 1/2-1/2

[Event "34th Asia-ch U20"]
[Site "Tashkent UZB"]
[Date "2012.06.04"]
[Round "6.10"]
[White "Aripov, Iskandar"]
[Black "Saydaliev, Saidakbar"]
[Result "0-1"]
[WhiteElo "2188"]
[BlackElo "1867"]
[EventDate "2012.05.30"]
[PlyCount "84"]

1.Nf3 Nf6 2.c4 c6 3.b3 d5 4.e3 Bg4 5.Bb2 e6 6.Be2 Nbd7 7.h3 Bh5 8.d3 Bd6 
9.g4 Bg6 10.g5 Nh5 11.Rg1 h6 12.Nh4 hxg5 13.Nxg6 fxg6 14.Nd2 Qe7 15.Nf3 
O-O-O 16.Rxg5 Bb4+ 17.Kf1 Nhf6 18.h4 Rh6 19.a3 Bd6 20.Qc2 Kb8 21.b4 e5 22.
c5 Bc7 23.Rd1 e4 24.dxe4 dxe4 25.Nd4 Rxh4 26.b5 Nd5 27.Rg1 Rf8 28.Ke1 Ba5+
29.Rd2 Qxc5 30.Qxc5 Nxc5 31.bxc6 Rh2 32.cxb7 Bxd2+ 33.Kxd2 Rfxf2 34.Re1 
Nb6 35.Kc3 Nd3 36.Ba1 Nxe1 37.Ba6 Rc2+ 38.Kb3 Nd7 39.Ne6 Nc5+ 40.Nxc5 Rxc5
41.Bd4 Rd5 42.Bxg7 Rhh5 0-1

[Event "34th Asia-ch U20"]
[Site "Tashkent UZB"]
[Date "2012.06.04"]
[Round "6.12"]
[White "Shavdirov, Jahongir"]
[Black "Sapaev, Maksad"]
[Result "0-1"]
[WhiteElo "1903"]
[BlackElo "2147"]
[EventDate "2012.05.30"]
[PlyCount "78"]

1.c4 e6 2.g3 d5 3.d4 dxc4 4.Nf3 c5 5.Bg2 Nc6 6.Be3 Nf6 7.Nc3 Ng4 8.O-O 
Nxe3 9.fxe3 Be7 10.Qa4 O-O 11.Qxc4 a6 12.Rad1 b5 13.Qb3 c4 14.Qc2 Nb4 15.
Qc1 Nd5 16.Nxd5 exd5 17.Rf2 Be6 18.Ne5 Rc8 19.e4 f6 20.exd5 fxe5 21.Rxf8+ 
Bxf8 22.dxe6 exd4 23.Qf4 Bc5 24.Rf1 d3+ 25.e3 Qe7 26.Bd5 Rd8 27.Qe4 d2 28.
Rd1 Bxe3+ 29.Kg2 Bh6 30.Rf1 Rf8 31.Rxf8+ Kxf8 32.Qxh7 Qf6 33.Qh8+ Ke7 34.
Qb8 Qf1+ 35.Kxf1 d1=Q+ 36.Kf2 Qd2+ 37.Kf1 Qd3+ 38.Kf2 Be3+ 39.Kf3 Ba7+ 0-1

[Event "34th Asia-ch U20"]
[Site "Tashkent UZB"]
[Date "2012.06.05"]
[Round "7.1"]
[White "Narayanan, Srinath"]
[Black "Ankit, R. Rajpara"]
[Result "1-0"]
[WhiteElo "2383"]
[BlackElo "2412"]
[EventDate "2012.05.30"]
[PlyCount "103"]

1.e4 c6 2.d4 d5 3.Nc3 dxe4 4.Nxe4 Bf5 5.Ng3 Bg6 6.h4 h6 7.Nf3 Nd7 8.h5 Bh7
9.Bd3 Bxd3 10.Qxd3 e6 11.Bd2 Ngf6 12.O-O-O Be7 13.Kb1 O-O 14.Ne4 Nxe4 15.
Qxe4 Nf6 16.Qe2 Qd5 17.Be3 Bd6 18.g4 Nxg4 19.Rdg1 f5 20.Bc1 Rf7 21.c4 Qe4+
22.Qxe4 fxe4 23.Rxg4 exf3 24.Bxh6 Kh7 25.Be3 Raf8 26.Kc2 Bf4 27.Kd3 Bxe3 
28.Kxe3 Rf5 29.Rhg1 R8f7 30.Rg5 Rxg5 31.Rxg5 Kh6 32.Re5 Rf6 33.a4 a6 34.a5
Kh7 35.b4 Kh6 36.Ke4 Rf7 37.b5 axb5 38.cxb5 cxb5 39.Rxb5 Rd7 40.Re5 Rd6 
41.Ke3 Kh7 42.Rb5 Rd7 43.Kd3 Kh6 44.Ke4 Rf7 45.Re5 Rd7 46.Rxe6+ Kxh5 47.d5
g5 48.d6 g4 49.Kf4 Rf7+ 50.Kg3 Kg5 51.Re7 Rf6 52.Re5+ 1-0

[Event "34th Asia-ch U20"]
[Site "Tashkent UZB"]
[Date "2012.06.05"]
[Round "7.2"]
[White "Akhmetov, Ayan"]
[Black "Khoroshev, Nikita"]
[Result "0-1"]
[WhiteElo "2264"]
[BlackElo "2319"]
[EventDate "2012.05.30"]
[PlyCount "144"]

1.e4 e5 2.Nf3 Nc6 3.Bc4 d6 4.O-O Be7 5.c3 Nf6 6.d3 O-O 7.Re1 Na5 8.Bb5 a6 
9.Ba4 b5 10.Bc2 c5 11.Nbd2 Bb7 12.Nf1 Re8 13.h3 h6 14.Ng3 Bf8 15.Nh2 g6 
16.Ng4 Nxg4 17.Qxg4 Bg7 18.f4 exf4 19.Bxf4 d5 20.Rad1 Nc6 21.d4 cxd4 22.
exd5 Qxd5 23.Bb3 h5 24.Nxh5 gxh5 25.Qxg7+ Kxg7 26.Bxd5 dxc3 27.bxc3 Na5 
28.Be5+ Kg6 29.Bb3 Nxb3 30.axb3 a5 31.Rd6+ Re6 32.c4 Rxd6 33.Bxd6 bxc4 34.
bxc4 a4 35.Ra1 Bc6 36.Kf2 Kf5 37.Ra3 Rd8 38.c5 Ra8 39.g3 Ke4 40.g4 hxg4 
41.hxg4 Kd4 42.g5 Kc4 43.Be5 Kxc5 44.Ke3 Bd5 45.Kf4 Bb3 46.Kf5 Ra6 47.Bf6 
Kb5 48.Kf4 Kc4 49.Ke3 Re6+ 50.Kd2 Kb4 51.Ra1 a3 52.Bc3+ Kc4 53.Bg7 Rd6+ 
54.Ke2 a2 55.Rc1+ Kb5 56.Rg1 Bc4+ 57.Ke3 Rd3+ 58.Kf4 Rd6 59.Ke3 Bb3 60.Rc1
Rd5 61.Bf6 Bc4 62.Rg1 Ka4 63.Rc1 Kb4 64.Ke4 Rd3 65.Rg1 Rb3 66.Be7+ Ka4 67.
Ra1 Bd3+ 68.Kd4 Bb1 69.Kc4 Re3 70.Bf6 Re2 71.Kc5 Kb3 72.Kd6 Re6+ 0-1

[Event "34th Asia-ch U20"]
[Site "Tashkent UZB"]
[Date "2012.06.05"]
[Round "7.3"]
[White "Aravindh, Chithambaram VR"]
[Black "Vakhidov, Jahongir"]
[Result "1-0"]
[WhiteElo "2228"]
[BlackElo "2439"]
[EventDate "2012.05.30"]
[PlyCount "75"]

1.e4 c5 2.Nf3 Nc6 3.d4 cxd4 4.Nxd4 g6 5.c4 Bg7 6.Be3 Nf6 7.Nc3 O-O 8.Be2 
b6 9.O-O Bb7 10.f3 e6 11.Ndb5 d5 12.cxd5 exd5 13.exd5 Ne7 14.d6 Nf5 15.Bf2
Bh6 16.Qd3 Nd7 17.Ne4 Ng7 18.Qb3 Ne6 19.Rfd1 Bg7 20.Bc4 Nf4 21.Be3 Be5 22.
g3 Bxe4 23.fxe4 Nh5 24.Rf1 Nc5 25.Bxf7+ Kg7 26.Bxc5 bxc5 27.Qd5 Qg5 28.Nc7
Qe3+ 29.Rf2 Bxg3 30.hxg3 Qxg3+ 31.Kf1 Nf6 32.Ne6+ Kh8 33.Rxf6 Rab8 34.b3 
Qc3 35.Rf2 Qxa1+ 36.Kg2 Rxf7 37.Rxf7 Qxa2+ 38.Rf2 1-0

[Event "34th Asia-ch U20"]
[Site "Tashkent UZB"]
[Date "2012.06.05"]
[Round "7.4"]
[White "Swayams, Mishra"]
[Black "Saiyn, Zhanat"]
[Result "1-0"]
[WhiteElo "2420"]
[BlackElo "2180"]
[EventDate "2012.05.30"]
[PlyCount "73"]

1.d4 Nf6 2.c4 e6 3.Nf3 c5 4.e3 d5 5.cxd5 Nxd5 6.e4 Nf6 7.Nc3 cxd4 8.Nxd4 
a6 9.Be3 Nbd7 10.Qa4 Rb8 11.Rd1 b5 12.Ndxb5 axb5 13.Bxb5 Qc7 14.O-O Bc5 
15.e5 Bxe3 16.exf6 Bf4 17.fxg7 Rg8 18.Ne4 Be5 19.Rc1 Qb7 20.Rfd1 Ke7 21.
Qa3+ Ke8 22.Qa4 Ke7 23.Qa3+ Ke8 24.Rxc8+ Rxc8 25.Rxd7 Qxd7 26.Bxd7+ Kxd7 
27.f4 Bxg7 28.Qd6+ Ke8 29.Qb6 Rd8 30.Qc6+ Ke7 31.Qc5+ Kd7 32.b4 Bb2 33.b5 
Rc8 34.Qd6+ Ke8 35.Qd2 Bc1 36.Nf6+ Kf8 37.Qd6+ 1-0